Plus petit pays de ... - Statistiques

Statistiques générales
  • Ce quiz a été pris 392 fois
  • Le résultat moyen est 8 sur 14
Statistiques - réponses
Plus petit pays de ... Pays % Correct
Europe Vatican
97%
Amérique du Sud Suriname
68%
Benelux Luxembourg
67%
Pays nordiques Danemark
64%
Oceanie Nauru
57%
Africa Seychelles
57%
-Stan pays Tadjikistan
56%
Balkans Kosovo
54%
Frontière mer méditerranée Monaco
54%
Amérique centrale Salvador
54%
Frontière mer rouge proprement dite Djibouti
48%
Amérique du Nord Saint-Christophe-et-Niévès
43%
Asia Maldives
38%
Frontière mer noire Georgie
34%
Aucun quiz correspondant
Distribution des résultats
% des personnes avec chaque résultat
Percentile par nombre de réponses
Votre historique - résultats
Vous n’avez pas pris ce quiz